<?xml version="1.0" encoding="UTF-8"?>
<collection xmlns="http://www.loc.gov/MARC21/slim">
 <record>
  <leader>03191nam a2200289 a 4500</leader>
  <controlfield tag="001">1/46038</controlfield>
  <controlfield tag="008">151110s2015    gr            000 0 gre  </controlfield>
  <datafield tag="020" ind1=" " ind2=" ">
   <subfield code="a">9786185198008 (τ. 1)</subfield>
  </datafield>
  <datafield tag="020" ind1=" " ind2=" ">
   <subfield code="a">9786185198046 (τ. 2)</subfield>
  </datafield>
  <datafield tag="035" ind1=" " ind2=" ">
   <subfield code="l">49009</subfield>
  </datafield>
  <datafield tag="040" ind1=" " ind2=" ">
   <subfield code="a">GR-PeUP</subfield>
  </datafield>
  <datafield tag="082" ind1="0" ind2="0">
   <subfield code="a">657.48 ΑΛH</subfield>
  </datafield>
  <datafield tag="100" ind1="1" ind2=" ">
   <subfield code="a">Αληφαντής, Γεώργιος Στ.</subfield>
  </datafield>
  <datafield tag="245" ind1="1" ind2="0">
   <subfield code="a">Χρηματοοικονομική λογιστική (Βάσει των Ελληνικών Λογιστικών Προτύπων) /</subfield>
   <subfield code="c">Γεωργiου Στ. Αληφαντή.</subfield>
  </datafield>
  <datafield tag="250" ind1=" " ind2=" ">
   <subfield code="a">4η έκδοση.</subfield>
  </datafield>
  <datafield tag="260" ind1=" " ind2=" ">
   <subfield code="a">Αθήνα :</subfield>
   <subfield code="b">Διπλογραφία,</subfield>
   <subfield code="c">2015.</subfield>
  </datafield>
  <datafield tag="300" ind1=" " ind2=" ">
   <subfield code="a">2 τ. (539·590 σ.) :</subfield>
   <subfield code="b">πίν. ;</subfield>
   <subfield code="c">24 εκ.</subfield>
  </datafield>
  <datafield tag="505" ind1="0" ind2=" ">
   <subfield code="a">Τ.1. Οικονομικές καταστάσεις επιχειρήσεων - Ισολογισμός - Αποτελέσματα χρήσεως-Απογραφή της περιουσίας - Λογιστικό δίκαιο (Ε.Λ.Π.) - Διπλογραφική μέθοδος - Λογιστικά γεγονότα και βιβλία - Λογιστικές συμφωνίες - Διόρθωση λαθών - Έλεγχος δικαιολογητικών - Λογιστικές εγγραφές τέλους χρήσεως - Κατάσταση ταμειακών ροών - Κατάσταση μεταβολών καθαρής θέσης - Ελληνικά Λογιστικά Πρότυπα, Υποδείγματα χρηματοοικονομικών καταστάσεων, Σχέδιο λογαριασμών. -- Τ.2. Λογιστική παγίων - Λογιστική συμμετοχών - Λογιστική αποθεμάτων - Λογιστική απαιτήσεων - Λογιστική ιδίων κεφαλαίων - Λογιστική προβλέψεων - υποχρεώσεων - Λογιστική λογαριασμών τάξεως - Λογιστκή ξένου νομίσματος - Λογιστική υποκαταστημάτων - Φορολογία και διάθεση κερδών - Λογιστική αναβαλλόμενης φορολογίας - Εισαγωγή στις ενοποιημένες οικονομικές καταστάσεις.</subfield>
  </datafield>
  <datafield tag="650" ind1=" " ind2="4">
   <subfield code="a">Χρηματοοικονομική λογιστική.</subfield>
  </datafield>
  <datafield tag="650" ind1=" " ind2="4">
   <subfield code="a">Financial accounting.</subfield>
  </datafield>
  <datafield tag="852" ind1=" " ind2=" ">
   <subfield code="a">INST</subfield>
   <subfield code="b">UNIPILB</subfield>
   <subfield code="c">MAIN</subfield>
   <subfield code="e">20151110</subfield>
   <subfield code="h">657.48 ΑΛH</subfield>
   <subfield code="p">00174402</subfield>
   <subfield code="q">00174402</subfield>
   <subfield code="t">LOAN</subfield>
   <subfield code="v">τ.1:</subfield>
   <subfield code="y">0</subfield>
   <subfield code="z">τ.1</subfield>
   <subfield code="4">4</subfield>
  </datafield>
  <datafield tag="852" ind1=" " ind2=" ">
   <subfield code="a">INST</subfield>
   <subfield code="b">UNIPILB</subfield>
   <subfield code="c">MAIN</subfield>
   <subfield code="e">20151110</subfield>
   <subfield code="h">657.48 ΑΛH</subfield>
   <subfield code="p">00174403</subfield>
   <subfield code="q">00174403</subfield>
   <subfield code="t">LOAN</subfield>
   <subfield code="v">τ.1:</subfield>
   <subfield code="y">0</subfield>
   <subfield code="z">τ.1</subfield>
   <subfield code="4">5</subfield>
  </datafield>
  <datafield tag="852" ind1=" " ind2=" ">
   <subfield code="a">INST</subfield>
   <subfield code="b">UNIPILB</subfield>
   <subfield code="c">MAIN</subfield>
   <subfield code="e">20151110</subfield>
   <subfield code="h">657.48 ΑΛH</subfield>
   <subfield code="p">00174404</subfield>
   <subfield code="q">00174404</subfield>
   <subfield code="t">LOAN</subfield>
   <subfield code="v">τ.1:</subfield>
   <subfield code="y">4</subfield>
   <subfield code="x">20200304</subfield>
   <subfield code="z">τ.1</subfield>
   <subfield code="4">2</subfield>
  </datafield>
  <datafield tag="852" ind1=" " ind2=" ">
   <subfield code="a">INST</subfield>
   <subfield code="b">UNIPILB</subfield>
   <subfield code="c">MAIN</subfield>
   <subfield code="e">20151110</subfield>
   <subfield code="h">657.48 ΑΛH</subfield>
   <subfield code="p">00174405</subfield>
   <subfield code="q">00174405</subfield>
   <subfield code="t">LOAN</subfield>
   <subfield code="v">τ.1:</subfield>
   <subfield code="y">0</subfield>
   <subfield code="z">τ.1</subfield>
   <subfield code="4">3</subfield>
  </datafield>
  <datafield tag="852" ind1=" " ind2=" ">
   <subfield code="a">INST</subfield>
   <subfield code="b">UNIPILB</subfield>
   <subfield code="c">MAIN</subfield>
   <subfield code="e">20151110</subfield>
   <subfield code="h">657.48 ΑΛH</subfield>
   <subfield code="p">00174406</subfield>
   <subfield code="q">00174406</subfield>
   <subfield code="t">LOAN</subfield>
   <subfield code="v">τ.1:</subfield>
   <subfield code="y">0</subfield>
   <subfield code="z">τ.1</subfield>
   <subfield code="4">1</subfield>
  </datafield>
  <datafield tag="852" ind1=" " ind2=" ">
   <subfield code="a">INST</subfield>
   <subfield code="b">UNIPILB</subfield>
   <subfield code="c">MAIN</subfield>
   <subfield code="e">20151110</subfield>
   <subfield code="h">657.48 ΑΛH</subfield>
   <subfield code="p">00174412</subfield>
   <subfield code="q">00174412</subfield>
   <subfield code="t">LOAN</subfield>
   <subfield code="v">τ.2:</subfield>
   <subfield code="y">0</subfield>
   <subfield code="z">τ.2</subfield>
   <subfield code="4">2</subfield>
  </datafield>
  <datafield tag="852" ind1=" " ind2=" ">
   <subfield code="a">INST</subfield>
   <subfield code="b">UNIPILB</subfield>
   <subfield code="c">MAIN</subfield>
   <subfield code="e">20151110</subfield>
   <subfield code="h">657.48 ΑΛH</subfield>
   <subfield code="p">00174413</subfield>
   <subfield code="q">00174413</subfield>
   <subfield code="t">LOAN</subfield>
   <subfield code="v">τ.2:</subfield>
   <subfield code="y">4</subfield>
   <subfield code="x">20190528</subfield>
   <subfield code="z">τ.2</subfield>
   <subfield code="4">1</subfield>
  </datafield>
 </record>
</collection>
